| 000 | 00527nam a22001937a 4500 | ||
|---|---|---|---|
| 003 | OSt | ||
| 005 | 20180116183058.0 | ||
| 008 | 161027b xxu||||| |||| 00| 0 eng d | ||
| 020 | _a9780007196203 | ||
| 040 | _c0 | ||
| 082 | _a813.54 HOB 2007 | ||
| 100 | _aHobb,Robin | ||
| 245 |
_aRenegade's magic : _bThe Soldier Son Trilogy Three _cRobin Hobb |
||
| 260 |
_aGreat Britain _bHarper Vpyager _c2007 |
||
| 300 |
_a760p. _bPB. |
||
| 440 | _aRenegade's magic :The Soldier Son Trilogy Three | ||
| 500 | _aPB. | ||
| 942 |
_2ddc _cBK |
||
| 999 |
_c351917 _d351917 |
||